Train to Pakistan (Record no. 84365)

MARC details
000 -LEADER
fixed length control field 00464nam a2200193Ia 4500
003 - CONTROL NUMBER IDENTIFIER
control field OSt
005 - DATE AND TIME OF LATEST TRANSACTION
control field 20260302160907.0
008 - FIXED-LENGTH DATA ELEMENTS--GENERAL INFORMATION
fixed length control field 210210b1976 xxu||||| |||| 00| 0 eng d
040 ## - CATALOGING SOURCE
Transcribing agency AL
041 ## - LANGUAGE CODE
Language code of text/sound track or separate title English
082 ## - DEWEY DECIMAL CLASSIFICATION NUMBER
Classification number 820.33 SINT
100 ## - MAIN ENTRY--PERSONAL NAME
Personal name Khushwant Singh
9 (RLIN) 257276
245 ## - TITLE STATEMENT
Title Train to Pakistan
260 ## - PUBLICATION, DISTRIBUTION, ETC.
Place of publication, distribution, etc. Bombay
Name of publisher, distributor, etc. India Book House Pvt Ltd.,
Date of publication, distribution, etc. 1976
300 ## - PHYSICAL DESCRIPTION
Extent 158,ii
690 ## - LOCAL SUBJECT ADDED ENTRY--TOPICAL TERM (OCLC, RLIN)
Topical term or geographic name as entry element English Fiction
9 (RLIN) 257277
906 ## - LOCAL DATA ELEMENT F, LDF (RLIN)
a 033165
942 ## - ADDED ENTRY ELEMENTS (KOHA)
Source of classification or shelving scheme Dewey Decimal Classification
Koha item type Book
Holdings
Withdrawn status Lost status Source of classification or shelving scheme Damaged status Not for loan Collection code Home library Current library Date acquired Cost, normal purchase price Total Checkouts Total Renewals Full call number Barcode Date last seen Date last checked out Price effective from Koha item type
    Dewey Decimal Classification     English St Aloysius Library St Aloysius Library 02/17/2021 0.00 4 1 820.33 SINT 033165 02/09/2026 01/29/2026 02/17/2021 Book